A concise grammar of Middle Egyptian : an outline of Middle Egyptian grammar /

محفوظ في:

المؤلف الرئيسي: Ockinga, Boyo (مؤلف)

مؤلفون آخرون: Brunner, Hellmut.

التنسيق: كتاب

اللغة: English

منشور في: Mainz : Von Zabern, 2005.

الطبعة: 2nd rev. ed.

الموضوعات:

الوسوم: إضافة وسم

لا توجد وسوم, كن أول من يضع وسما على هذه التسجيلة!

رقم الطلب: PJ1135 .O25 2005

LEADER 00828nam a22002537a 4500
003 OSt
005 20251013125925.0
008 251013t2005 gw g 000 0 eng d
020 |a 3805336012 (hd.bd.) 
040 |c ARCE Library 
050 1 4 |a PJ1135  |b .O25 2005 
100 1 |a Ockinga, Boyo,   |e author  |9 37051 
245 1 2 |a A concise grammar of Middle Egyptian :   |b an outline of Middle Egyptian grammar /   |c Boyo G. Ockinga ; by Hellmut Brunner revised and expanded.  |n   
250 |a 2nd rev. ed. 
264 1 |a Mainz :   |b Von Zabern,   |c 2005. 
300 |a xvi, 180 pages ;   |c 26 cm. 
500 |a Includes errata leaf. 
555 |a wafaa.lib 
650 0 |a Egyptian language  |x Grammar. 
650 0 |a Egyptian language  |x Writing, Hieroglyphic. 
700 1 |a Brunner, Hellmut. 
901 |a reviewed 
942 |c BK  |2 lcc 
999 |c 21424  |d 21424